| 000 | 00973nam a22002537a 4500 | ||
|---|---|---|---|
| 999 |
_c64727 _d64727 |
||
| 005 | 20240530110747.0 | ||
| 008 | 181204s2018 ua ac g bd 000 0 ara d | ||
| 017 |
_a2017/26625 _bمصر. دار الكتب |
||
| 020 | _a9789778122282 | ||
| 040 |
_aEG-CaGPL _cEG-CaGPL |
||
| 082 | 0 | 4 |
_221 _a409 / _bم ق |
| 100 | 0 | _aمحمد احمد محمود خطاب | |
| 245 | 1 | 0 |
_aقاموس لغة الاشارة واضرابات النطق والكلام واللغة / _cاعداد محمد احمد محمود خطاب |
| 250 | _aط.1 | ||
| 260 |
_aالقاهرة : _bالمكتب العربى للمعارف، _c2018. |
||
| 300 |
_a610 ص. : _bايض ؛ _c24 سم. |
||
| 504 | _aيشتمل على ارجاعات ببليوجرافية | ||
| 650 | 0 | 7 |
_2qrmak _aاللغة، علم |
| 650 | 0 | 7 |
_2qrmak _aوسائل الاتصال |
| 650 | 0 | 7 |
_2qrmak _aالصم _xوسائل اتصال |
| 651 | _2qrmak | ||
| 942 |
_2ddc _cBK |
||